Legislación ultramarina / (Record no. 153738)

MARC details
000 -LEADER
campo de control de longitud fija 01226nam a2200265 i 4500
001 - NÚMERO DE CONTROL
campo de control 153738
003 - IDENTIFICADOR DE NÚMERO DE CONTROL
campo de control ES-MaACL
005 - FECHA Y HORA DE LA ÚLTIMA TRANSACCIÓN
campo de control 20230906205351.0
008 - DATOS DE LONGITUD FIJA--INFORMACIÓN GENERAL
campo de control de longitud fija 990920m18651869sp |||| | spa d
245 00 - MENCIÓN DEL TÍTULO
Título Legislación ultramarina /
Mención de responsabilidad, etc. concordada y anotada por Joaquín Rodríguez San Pedro ; con la colaboración de Antonio Fernández Chorot, Eduardo y Arturo Piera y Manuel González Junguitu.
260 ## - PUBLICACIÓN, DISTRIBUCIÓN, ETC.
Lugar de publicación, distribución, etc. Madrid :
Nombre del editor, distribuidor, etc. [s.n.],
Fecha de publicación, distribución, etc. 1865-1869 (
Fabricante Imp. de los señores Viota, Cubas y Vicente)
300 ## - DESCRIPCIÓN FÍSICA
Extensión 16 v. ;
Dimensiones 28 cm.
594 ## - Nota al título y mención de responsabilidad
Nota al título y mención de responsabilidad Tít. particular de los v. 10-13: Suplemento primero.
594 ## - Nota al título y mención de responsabilidad
Nota al título y mención de responsabilidad Tít. particular del v. 14: Índice de la obra y del primer suplemento.
594 ## - Nota al título y mención de responsabilidad
Nota al título y mención de responsabilidad Tít. particular de los v. 15-16: Suplemento segundo.
596 ## - NOTA AL PIE DE IMPRENTA
NOTA AL PIE DE IMPRENTA Vol. 3-5 impresos en: Estab. Tip. de José Fernández Cancela.
596 ## - NOTA AL PIE DE IMPRENTA
NOTA AL PIE DE IMPRENTA Vol. 6-16 impresos en: Imp. de Manuel Minuesa.
650 ## - PUNTO DE ACCESO ADICIONAL DE MATERIA--TÉRMINO DE MATERIA
Término de materia o nombre geográfico como elemento de entrada Derecho colonial-
Subdivisión geográfica España.
9 (RLIN) 170999
700 1# - ENTRADA AGREGADA--NOMBRE PERSONAL
Nombre de persona Rodriguez San Pedro, Joaquín.
9 (RLIN) 131930
700 1# - ENTRADA AGREGADA--NOMBRE PERSONAL
Nombre de persona Fernández Chorot, Antonio.
9 (RLIN) 127038
700 1# - ENTRADA AGREGADA--NOMBRE PERSONAL
Nombre de persona Piera, Eduardo.
9 (RLIN) 131146
700 1# - ENTRADA AGREGADA--NOMBRE PERSONAL
Nombre de persona Piera, Arturo.
9 (RLIN) 131145
700 1# - ENTRADA AGREGADA--NOMBRE PERSONAL
Nombre de persona González Junguitu, Manuel.
9 (RLIN) 127416
852 ## - LOCALIZACIÓN
Ubicación ES-MaACL
Número de control de estantería C-18504-19
Nota libre - Enc. hol.
Holdings
Estatus retirado Estado de pérdida Estado de daño No para préstamo Colección Biblioteca de origen Biblioteca actual Ubicación en estantería Fecha de adquisición Total de préstamos Signatura topográfica completa Código de barras Visto por última vez Precio de reemplazo Tipo de ítem Koha
        Libros del s. XIX Biblioteca del Ateneo de Madrid Biblioteca del Ateneo de Madrid Mesetón 17/01/2008   C-18504-19 1160724 23/02/2023 23/02/2023 Libro impreso antiguo